[Event "Kadettlandskamp NOR-SWE A 2018"]
[Site "NTG, Bærum, Norway"]
[Date "2018.12.15"]
[Round "3.4"]
[White "Jönsson, Jacob"]
[Black "Vestby-Ellingsen, Mads"]
[Result "0-1"]
[BlackTitle "FM"]
[WhiteFideId "1726315"]
[BlackFideId "1520857"]
[WhiteElo "1724"]
[BlackElo "2009"]

1. d4 {[%clk 00:15:17]} {[%emt 00:00:01]} d5 {[%clk 00:15:12]} {[%emt
00:00:08]} 2. c4 {[%clk 00:15:25]} {[%emt 00:00:02]} dxc4 {[%clk 00:15:18]}
{[%emt 00:00:03]} 3. Nf3 {[%clk 00:15:34]} {[%emt 00:00:02]} Nf6 {[%clk
00:15:26]} {[%emt 00:00:03]} 4. e3 {[%clk 00:15:42]} {[%emt 00:00:01]} b5
{[%clk 00:15:33]} {[%emt 00:00:02]} 5. a4 {[%clk 00:15:50]} {[%emt 00:00:02]}
b4 {[%clk 00:15:41]} {[%emt 00:00:02]} 6. Bxc4 {[%clk 00:15:58]} {[%emt
00:00:03]} e6 {[%clk 00:15:49]} {[%emt 00:00:02]} 7. O-O {[%clk 00:15:49]}
{[%emt 00:00:19]} Be7 {[%clk 00:15:56]} {[%emt 00:00:02]} 8. Qe2 {[%clk
00:15:43]} {[%emt 00:00:08]} Bb7 {[%clk 00:15:42]} {[%emt 00:00:23]} 9. Nbd2
{[%clk 00:15:51]} {[%emt 00:00:12]} O-O {[%clk 00:14:28]} {[%emt 00:01:23]} 10.
e4 {[%clk 00:15:34]} {[%emt 00:00:28]} c5 {[%clk 00:14:33]} {[%emt 00:00:04]}
11. e5 {[%clk 00:15:40]} {[%emt 00:00:04]} Nd5 {[%clk 00:14:37]} {[%emt
00:00:06]} 12. Ne4 {[%clk 00:15:45]} {[%emt 00:00:07]} cxd4 {[%clk 00:14:23]}
{[%emt 00:00:23]} 13. Rd1 {[%clk 00:15:44]} {[%emt 00:00:11]} Nc6 {[%clk
00:14:13]} {[%emt 00:00:20]} 14. Nxd4 {[%clk 00:15:28]} {[%emt 00:00:28]} Nxe5
{[%clk 00:13:15]} {[%emt 00:01:07]} 15. Ba6 {[%clk 00:14:25]} {[%emt 00:01:13]}
Qb6 {[%clk 00:10:50]} {[%emt 00:02:34]} 16. Bxb7 {[%clk 00:14:10]} {[%emt
00:00:26]} Qxb7 {[%clk 00:10:56]} {[%emt 00:00:03]} 17. Nb5 {[%clk 00:13:18]}
{[%emt 00:01:03]} Ng6 {[%clk 00:09:58]} {[%emt 00:01:06]} 18. b3 {[%clk
00:12:00]} {[%emt 00:01:29]} a6 {[%clk 00:08:05]} {[%emt 00:02:02]} 19. Nd4
{[%clk 00:11:57]} {[%emt 00:00:14]} Nf6 {[%clk 00:07:43]} {[%emt 00:00:31]} 20.
Nd2 {[%clk 00:10:16]} {[%emt 00:01:52]} Nf4 {[%clk 00:06:33]} {[%emt 00:01:19]}
21. Qf3 {[%clk 00:10:24]} {[%emt 00:00:03]} Qxf3 {[%clk 00:06:37]} {[%emt
00:00:05]} 22. N2xf3 {[%clk 00:10:33]} {[%emt 00:00:02]} N4d5 {[%clk 00:06:39]}
{[%emt 00:00:07]} 23. Nc6 {[%clk 00:10:31]} {[%emt 00:00:13]} Bc5 {[%clk
00:06:43]} {[%emt 00:00:05]} 24. Bd2 {[%clk 00:10:22]} {[%emt 00:00:21]} Ne4
{[%clk 00:06:29]} {[%emt 00:00:22]} 25. Be1 {[%clk 00:10:11]} {[%emt 00:00:21]}
Rac8 {[%clk 00:06:15]} {[%emt 00:00:22]} 26. Rxd5 {[%clk 00:09:03]} {[%emt
00:01:20]} exd5 {[%clk 00:05:15]} {[%emt 00:01:09]} 27. Nxb4 {[%clk 00:09:11]}
{[%emt 00:00:03]} Bxb4 {[%clk 00:04:44]} {[%emt 00:00:41]} 28. Bxb4 {[%clk
00:09:19]} {[%emt 00:00:02]} Rfd8 {[%clk 00:04:48]} {[%emt 00:00:04]} 29. Nd4
{[%clk 00:09:25]} {[%emt 00:00:06]} Nc5 {[%clk 00:04:18]} {[%emt 00:00:39]} 30.
Rd1 {[%clk 00:09:07]} {[%emt 00:00:29]} g6 {[%clk 00:03:40]} {[%emt 00:00:48]}
31. f3 {[%clk 00:08:54]} {[%emt 00:00:23]} Ne6 {[%clk 00:03:40]} {[%emt
00:00:09]} 32. Ba5 {[%clk 00:07:13]} {[%emt 00:01:52]} Rd7 {[%clk 00:03:46]}
{[%emt 00:00:03]} 33. Ne2 {[%clk 00:06:22]} {[%emt 00:01:02]} d4 {[%clk
00:03:25]} {[%emt 00:00:31]} 34. Nc3 {[%clk 00:05:38]} {[%emt 00:00:55]} Rxc3
{[%clk 00:02:41]} {[%emt 00:00:52]} 35. Bxc3 {[%clk 00:05:41]} {[%emt
00:00:07]} dxc3 {[%clk 00:02:48]} {[%emt 00:00:03]} 36. Rc1 {[%clk 00:05:43]}
{[%emt 00:00:10]} Nd4 {[%clk 00:02:22]} {[%emt 00:00:34]} 37. Kf2 {[%clk
00:05:47]} {[%emt 00:00:07]} Rc7 {[%clk 00:02:28]} {[%emt 00:00:03]} 38. Ke3
{[%clk 00:05:29]} {[%emt 00:00:29]} Nxb3 {[%clk 00:02:33]} {[%emt 00:00:04]} 39.
Rc2 {[%clk 00:05:38]} {[%emt 00:00:03]} Na1 {[%clk 00:02:34]} {[%emt 00:00:09]}
40. Rc1 {[%clk 00:05:46]} {[%emt 00:00:03]} c2 {[%clk 00:02:40]} {[%emt
00:00:03]} 41. Kd3 {[%clk 00:05:54]} {[%emt 00:00:03]} Nb3 {[%clk 00:02:43]}
{[%emt 00:00:06]} 42. Rxc2 {[%clk 00:06:02]} {[%emt 00:00:03]} Rxc2 {[%clk
00:02:48]} {[%emt 00:00:03]} 43. Kxc2 {[%clk 00:06:10]} {[%emt 00:00:02]} Nc5
{[%clk 00:02:54]} {[%emt 00:00:04]} 44. a5 {[%clk 00:06:15]} {[%emt 00:00:06]}
Nb7 {[%clk 00:03:01]} {[%emt 00:00:02]} 0-1

[Event "Kadettlandskamp NOR-SWE A 2018"]
[Site "NTG, Bærum, Norway"]
[Date "2018.12.15"]
[Round "3.5"]
[White "Trost, Edvin"]
[Black "Kaasen, Tor Fredrik"]
[Result "0-1"]
[BlackTitle "IM"]
[WhiteFideId "1729519"]
[BlackFideId "1516647"]
[WhiteElo "1856"]
[BlackElo "2106"]

1. e4 {[%clk 00:14:51]} {[%emt 00:00:29]} c5 {[%clk 00:15:18]} {[%emt
00:00:03]} 2. Nf3 {[%clk 00:15:00]} d6 {[%clk 00:15:26]} {[%emt 00:00:03]} 3.
d4 {[%clk 00:15:06]} {[%emt 00:00:03]} cxd4 {[%clk 00:15:34]} {[%emt 00:00:02]}
4. Nxd4 {[%clk 00:15:15]} {[%emt 00:00:01]} Nf6 {[%clk 00:15:43]} {[%emt
00:00:01]} 5. Nc3 {[%clk 00:15:25]} Nc6 {[%clk 00:15:52]} 6. Bg5 {[%clk
00:15:34]} e6 {[%clk 00:15:55]} {[%emt 00:00:07]} 7. Qd2 {[%clk 00:15:43]} Be7
{[%clk 00:16:04]} {[%emt 00:00:01]} 8. O-O-O {[%clk 00:15:50]} {[%emt
00:00:03]} Nxd4 {[%clk 00:16:13]} {[%emt 00:00:01]} 9. Qxd4 {[%clk 00:15:58]}
{[%emt 00:00:02]} a6 {[%clk 00:16:23]} 10. f3 {[%clk 00:15:33]} {[%emt
00:00:34]} b5 {[%clk 00:16:29]} {[%emt 00:00:06]} 11. h4 {[%clk 00:15:19]}
{[%emt 00:00:23]} Bb7 {[%clk 00:16:24]} {[%emt 00:00:16]} 12. Kb1 {[%clk
00:15:12]} {[%emt 00:00:16]} Rc8 {[%clk 00:16:19]} {[%emt 00:00:15]} 13. g4
{[%clk 00:15:11]} {[%emt 00:00:11]} Qc7 {[%clk 00:15:51]} {[%emt 00:00:38]} 14.
h5 {[%clk 00:14:56]} {[%emt 00:00:24]} e5 {[%clk 00:14:33]} {[%emt 00:01:28]}
15. Qd2 {[%clk 00:14:55]} {[%emt 00:00:10]} b4 {[%clk 00:14:34]} {[%emt
00:00:11]} 16. Ne2 {[%clk 00:14:54]} {[%emt 00:00:10]} Nxe4 {[%clk 00:14:41]}
{[%emt 00:00:03]} 17. fxe4 {[%clk 00:14:27]} {[%emt 00:00:37]} Bxg5 {[%clk
00:14:49]} {[%emt 00:00:02]} 18. Qxd6 {[%clk 00:14:22]} {[%emt 00:00:15]} Qxd6
{[%clk 00:14:55]} {[%emt 00:00:04]} 19. Rxd6 {[%clk 00:14:29]} {[%emt
00:00:03]} Bxe4 {[%clk 00:15:00]} {[%emt 00:00:03]} 20. Ng3 {[%clk 00:14:10]}
{[%emt 00:00:30]} Bxh1 {[%clk 00:15:07]} {[%emt 00:00:03]} 21. Nxh1 {[%clk
00:14:19]} Ke7 {[%clk 00:15:16]} {[%emt 00:00:02]} 22. Rxa6 {[%clk 00:14:09]}
{[%emt 00:00:19]} Rhd8 {[%clk 00:15:24]} {[%emt 00:00:02]} 23. Be2 {[%clk
00:14:01]} {[%emt 00:00:17]} Rd2 {[%clk 00:15:31]} {[%emt 00:00:04]} 24. Ng3
{[%clk 00:14:10]} Rdxc2 {[%clk 00:15:35]} {[%emt 00:00:07]} 25. Bc4 {[%clk
00:13:35]} {[%emt 00:00:45]} R2xc4 {[%clk 00:15:41]} {[%emt 00:00:05]} 26. Ra7+
{[%clk 00:13:37]} {[%emt 00:00:08]} Kf8 {[%clk 00:15:50]} 27. a4 {[%clk
00:13:40]} {[%emt 00:00:07]} b3 {[%clk 00:15:59]} 28. Ne2 {[%clk 00:13:49]}
Rc1+ {[%clk 00:16:08]} {[%emt 00:00:01]} 0-1

[Event "Kadettlandskamp NOR-SWE A 2018"]
[Site "NTG, Bærum, Norway"]
[Date "2018.12.15"]
[Round "3.6"]
[White "Wernberg, Hugo"]
[Black "Nordquelle, Daniel"]
[Result "0-1"]
[BlackTitle "FM"]
[WhiteFideId "1737511"]
[BlackFideId "1519042"]
[WhiteElo "1796"]
[BlackElo "2020"]

1. e4 {[%clk 00:15:18]} {[%emt 00:00:02]} c5 {[%clk 00:15:16]} {[%emt
00:00:05]} 2. Nf3 {[%clk 00:15:27]} d6 {[%clk 00:15:24]} 3. d4 {[%clk
00:15:37]} cxd4 {[%clk 00:15:34]} 4. Nxd4 {[%clk 00:15:45]} {[%emt 00:00:01]}
Nf6 {[%clk 00:15:43]} 5. Nc3 {[%clk 00:15:53]} {[%emt 00:00:03]} a6 {[%clk
00:15:53]} 6. Bg5 {[%clk 00:16:02]} {[%emt 00:00:02]} Nbd7 {[%clk 00:15:59]}
{[%emt 00:00:03]} 7. f4 {[%clk 00:16:10]} {[%emt 00:00:02]} Qc7 {[%clk
00:15:53]} {[%emt 00:00:14]} 8. Qf3 {[%clk 00:16:16]} {[%emt 00:00:04]} h6
{[%clk 00:15:45]} {[%emt 00:00:19]} 9. Bh4 {[%clk 00:15:51]} {[%emt 00:00:34]}
g5 {[%clk 00:15:21]} {[%emt 00:00:35]} 10. fxg5 {[%clk 00:15:50]} {[%emt
00:00:11]} hxg5 {[%clk 00:15:29]} {[%emt 00:00:02]} 11. Bxg5 {[%clk 00:15:31]}
{[%emt 00:00:28]} Qc5 {[%clk 00:15:30]} {[%emt 00:00:10]} 12. Bxf6 {[%clk
00:15:00]} {[%emt 00:00:41]} Nxf6 {[%clk 00:15:36]} {[%emt 00:00:03]} 13. Nb3
{[%clk 00:15:06]} {[%emt 00:00:04]} Qe5 {[%clk 00:15:34]} {[%emt 00:00:11]} 14.
Be2 {[%clk 00:14:15]} {[%emt 00:01:02]} Rxh2 {[%clk 00:14:06]} {[%emt
00:01:38]} 15. Rxh2 {[%clk 00:13:52]} {[%emt 00:00:33]} Qxh2 {[%clk 00:14:14]}
{[%emt 00:00:03]} 16. O-O-O {[%clk 00:13:58]} {[%emt 00:00:03]} Bh6+ {[%clk
00:14:20]} {[%emt 00:00:03]} 17. Kb1 {[%clk 00:14:02]} {[%emt 00:00:07]} Qe5
{[%clk 00:13:41]} {[%emt 00:00:48]} 18. Nd5 {[%clk 00:14:02]} {[%emt 00:00:11]}
Nxd5 {[%clk 00:13:36]} {[%emt 00:00:14]} 19. exd5 {[%clk 00:14:06]} {[%emt
00:00:07]} Bg7 {[%clk 00:13:43]} {[%emt 00:00:03]} 20. c3 {[%clk 00:13:43]}
{[%emt 00:00:33]} Bd7 {[%clk 00:13:20]} {[%emt 00:00:33]} 21. Na5 {[%clk
00:13:16]} {[%emt 00:00:37]} b5 {[%clk 00:11:55]} {[%emt 00:01:35]} 22. Nc6
{[%clk 00:12:48]} {[%emt 00:00:38]} Bxc6 {[%clk 00:11:26]} {[%emt 00:00:39]} 23.
dxc6 {[%clk 00:12:57]} {[%emt 00:00:01]} Rc8 {[%clk 00:11:34]} 24. Bd3 {[%clk
00:12:30]} {[%emt 00:00:38]} Rc7 {[%clk 00:11:38]} {[%emt 00:00:07]} 25. Rf1
{[%clk 00:11:29]} {[%emt 00:01:10]} e6 {[%clk 00:11:39]} {[%emt 00:00:10]} 26.
Rf2 {[%clk 00:09:47]} {[%emt 00:01:52]} Qc5 {[%clk 00:10:36]} {[%emt 00:01:13]}
27. Re2 {[%clk 00:09:28]} {[%emt 00:00:29]} Qxc6 {[%clk 00:09:56]} {[%emt
00:00:49]} 28. Be4 {[%clk 00:08:55]} {[%emt 00:00:43]} Qc5 {[%clk 00:09:47]}
{[%emt 00:00:19]} 29. Qg4 {[%clk 00:07:42]} {[%emt 00:01:23]} Kf8 {[%clk
00:09:51]} {[%emt 00:00:07]} 30. Qh4 {[%clk 00:07:24]} {[%emt 00:00:28]} Re7
{[%clk 00:09:13]} {[%emt 00:00:46]} 31. Bd3 {[%clk 00:06:54]} {[%emt 00:00:42]}
d5 {[%clk 00:08:35]} {[%emt 00:00:47]} 32. Qf4 {[%clk 00:06:54]} {[%emt
00:00:11]} Qc7 {[%clk 00:08:40]} {[%emt 00:00:05]} 33. Qf3 {[%clk 00:06:53]}
{[%emt 00:00:09]} Qd6 {[%clk 00:08:12]} {[%emt 00:00:39]} 34. Rf2 {[%clk
00:06:10]} {[%emt 00:00:52]} Kg8 {[%clk 00:07:37]} {[%emt 00:00:45]} 35. g4
{[%clk 00:05:54]} {[%emt 00:00:27]} Qe5 {[%clk 00:07:38]} {[%emt 00:00:07]} 36.
a3 {[%clk 00:05:24]} {[%emt 00:00:42]} Rb7 {[%clk 00:07:21]} {[%emt 00:00:26]}
37. Rg2 {[%clk 00:04:59]} {[%emt 00:00:36]} a5 {[%emt 00:00:43]} 38. g5 {[%clk
00:04:21]} {[%emt 00:00:13]} b4 {[%clk 00:07:30]} {[%emt 00:00:03]} 39. axb4
{[%clk 00:03:19]} {[%emt 00:01:12]} axb4 {[%clk 00:07:39]} {[%emt 00:00:01]} 40.
g6 {[%clk 00:03:28]} Qe1+ {[%clk 00:07:47]} {[%emt 00:00:02]} 41. Ka2 {[%clk
00:03:22]} {[%emt 00:00:16]} b3+ {[%clk 00:07:56]} {[%emt 00:00:01]} 42. Ka3
{[%clk 00:03:30]} {[%emt 00:00:02]} Qa1# {[%clk 00:08:04]} 0-1

[Event "Kadettlandskamp NOR-SWE A 2018"]
[Site "NTG, Bærum, Norway"]
[Date "2018.12.15"]
[Round "4.1"]
[White "Nordquelle, Daniel"]
[Black "Carlsson, Ludvig"]
[Result "1/2-1/2"]
[WhiteTitle "FM"]
[BlackTitle "CM"]
[WhiteFideId "1519042"]
[BlackFideId "1727010"]
[WhiteElo "2020"]
[BlackElo "1978"]

1. e4 {[%clk 00:15:19]} c5 {[%clk 00:15:19]} {[%emt 00:00:01]} 2. Ne2 {[%clk
00:15:28]} {[%emt 00:00:02]} Nc6 {[%clk 00:15:16]} {[%emt 00:00:12]} 3. Nbc3
{[%clk 00:15:32]} {[%emt 00:00:06]} g6 {[%clk 00:15:21]} {[%emt 00:00:05]} 4.
g3 {[%clk 00:15:41]} Bg7 {[%clk 00:15:29]} {[%emt 00:00:03]} 5. Bg2 {[%clk
00:15:50]} d6 {[%clk 00:15:29]} {[%emt 00:00:11]} 6. O-O {[%clk 00:15:58]}
{[%emt 00:00:02]} e6 {[%clk 00:15:37]} {[%emt 00:00:03]} 7. d3 {[%clk
00:16:05]} {[%emt 00:00:03]} Nge7 {[%clk 00:15:43]} {[%emt 00:00:02]} 8. f4
{[%clk 00:16:05]} {[%emt 00:00:11]} O-O {[%clk 00:15:43]} {[%emt 00:00:10]} 9.
Be3 {[%clk 00:16:07]} {[%emt 00:00:09]} Nd4 {[%clk 00:15:48]} {[%emt 00:00:05]}
10. Qd2 {[%clk 00:16:10]} {[%emt 00:00:05]} Rb8 {[%clk 00:15:28]} {[%emt
00:00:31]} 11. Nd1 {[%clk 00:16:14]} {[%emt 00:00:06]} b5 {[%clk 00:15:17]}
{[%emt 00:00:21]} 12. c3 {[%clk 00:16:19]} {[%emt 00:00:07]} Nxe2+ {[%clk
00:15:24]} {[%emt 00:00:02]} 13. Qxe2 {[%clk 00:16:26]} {[%emt 00:00:03]} b4
{[%clk 00:15:28]} {[%emt 00:00:05]} 14. d4 {[%clk 00:15:25]} {[%emt 00:01:11]}
bxc3 {[%clk 00:15:18]} {[%emt 00:00:20]} 15. bxc3 {[%clk 00:15:32]} {[%emt
00:00:03]} cxd4 {[%clk 00:15:25]} {[%emt 00:00:04]} 16. cxd4 {[%clk 00:15:07]}
{[%emt 00:00:35]} Qa5 {[%clk 00:15:27]} {[%emt 00:00:08]} 17. Rf2 {[%clk
00:14:51]} {[%emt 00:00:25]} Ba6 {[%clk 00:14:34]} {[%emt 00:01:04]} 18. Qd2
{[%clk 00:14:56]} {[%emt 00:00:05]} Qxd2 {[%clk 00:14:37]} {[%emt 00:00:07]} 19.
Rxd2 {[%clk 00:15:05]} {[%emt 00:00:02]} Rfc8 {[%clk 00:14:33]} {[%emt
00:00:14]} 20. e5 {[%clk 00:12:23]} {[%emt 00:02:53]} Bb7 {[%clk 00:14:42]}
{[%emt 00:00:01]} 21. Rb1 {[%clk 00:10:04]} {[%emt 00:02:29]} Bxg2 {[%clk
00:14:37]} {[%emt 00:00:14]} 22. Rxb8 {[%clk 00:10:13]} {[%emt 00:00:02]} Rxb8
{[%clk 00:14:45]} {[%emt 00:00:02]} 23. Kxg2 {[%clk 00:10:21]} {[%emt
00:00:02]} Nd5 {[%clk 00:14:46]} {[%emt 00:00:09]} 24. Kf3 {[%clk 00:10:24]}
{[%emt 00:00:05]} Kf8 {[%clk 00:13:59]} {[%emt 00:00:58]} 25. Nb2 {[%clk
00:09:57]} {[%emt 00:00:37]} Rc8 {[%clk 00:12:03]} {[%emt 00:02:06]} 26. Rd3
{[%clk 00:08:30]} {[%emt 00:01:36]} Ke7 {[%clk 00:11:30]} {[%emt 00:00:44]} 27.
Rb3 {[%clk 00:08:00]} {[%emt 00:00:41]} Rc7 {[%clk 00:11:16]} {[%emt 00:00:24]}
28. Nd3 {[%clk 00:08:06]} {[%emt 00:00:03]} Kd7 {[%clk 00:10:44]} {[%emt
00:00:43]} 29. Bc1 {[%clk 00:07:32]} {[%emt 00:00:43]} dxe5 {[%clk 00:09:00]}
{[%emt 00:01:55]} 30. fxe5 {[%clk 00:07:03]} {[%emt 00:00:39]} Bf8 {[%clk
00:08:56]} {[%emt 00:00:13]} 31. Ba3 {[%clk 00:07:09]} {[%emt 00:00:04]} Bxa3
{[%clk 00:07:53]} {[%emt 00:01:14]} 32. Rxa3 {[%clk 00:07:11]} {[%emt
00:00:08]} Kc6 {[%clk 00:07:44]} {[%emt 00:00:18]} 33. Rb3 {[%clk 00:04:30]}
{[%emt 00:02:52]} Rb7 {[%clk 00:06:24]} {[%emt 00:01:30]} 34. Ra3 {[%clk
00:04:28]} {[%emt 00:00:12]} Kb5 {[%clk 00:05:02]} {[%emt 00:01:31]} 35. Rb3+
{[%clk 00:04:35]} {[%emt 00:00:03]} Kc6 {[%clk 00:05:10]} {[%emt 00:00:01]} 36.
Ra3 {[%clk 00:04:09]} {[%emt 00:00:36]} Kb5 {[%clk 00:03:46]} {[%emt 00:01:34]}
37. Rb3+ {[%clk 00:03:05]} {[%emt 00:01:14]} Kc6 {[%clk 00:03:48]} {[%emt
00:00:07]} 1/2-1/2

[Event "Kadettlandskamp NOR-SWE A 2018"]
[Site "NTG, Bærum, Norway"]
[Date "2018.12.15"]
[Round "4.2"]
[White "Törngren, Gustav"]
[Black "Tryggestad, Andreas"]
[Result "0-1"]
[BlackTitle "FM"]
[WhiteFideId "1728970"]
[BlackFideId "1513338"]
[WhiteElo "1909"]
[BlackElo "2189"]

1. c4 {[%clk 00:15:14]} {[%emt 00:00:05]} Nf6 {[%clk 00:15:19]} {[%emt
00:00:01]} 2. Nc3 {[%clk 00:15:19]} {[%emt 00:00:05]} e6 {[%clk 00:15:23]}
{[%emt 00:00:07]} 3. e4 {[%clk 00:14:55]} Nc6 {[%clk 00:15:12]} {[%emt
00:00:54]} 4. d4 {[%clk 00:14:26]} Bb4 {[%clk 00:15:19]} {[%emt 00:00:43]} 5.
f3 {[%clk 00:13:25]} d5 {[%clk 00:15:08]} {[%emt 00:01:31]} 6. cxd5 {[%clk
00:12:48]} {[%emt 00:00:48]} exd5 {[%clk 00:15:15]} {[%emt 00:00:03]} 7. e5
{[%clk 00:12:56]} {[%emt 00:00:02]} Nd7 {[%clk 00:15:20]} {[%emt 00:00:04]} 8.
Be3 {[%clk 00:12:53]} {[%emt 00:00:14]} Nb6 {[%clk 00:15:24]} {[%emt 00:00:07]}
9. Qb3 {[%clk 00:12:44]} {[%emt 00:00:18]} O-O {[%clk 00:14:29]} {[%emt
00:01:04]} 10. O-O-O {[%clk 00:12:38]} {[%emt 00:00:16]} a5 {[%clk 00:14:35]}
{[%emt 00:00:04]} 11. Bd3 {[%clk 00:12:44]} {[%emt 00:00:05]} h6 {[%clk
00:13:46]} {[%emt 00:00:58]} 12. Bb1 {[%clk 00:11:59]} {[%emt 00:00:55]} Nc4
{[%clk 00:13:38]} {[%emt 00:00:18]} 13. Qc2 {[%clk 00:12:06]} {[%emt 00:00:03]}
f5 {[%clk 00:13:42]} {[%emt 00:00:06]} 14. exf6 {[%clk 00:10:52]} {[%emt
00:01:24]} Rxf6 {[%clk 00:13:44]} {[%emt 00:00:08]} 15. Bf2 {[%clk 00:09:20]}
{[%emt 00:01:43]} Bf5 {[%clk 00:13:50]} {[%emt 00:00:02]} 16. Qe2 {[%clk
00:08:13]} {[%emt 00:01:18]} Bxc3 {[%clk 00:13:52]} {[%emt 00:00:08]} 17. bxc3
{[%clk 00:08:15]} {[%emt 00:00:08]} Re6 {[%clk 00:14:00]} {[%emt 00:00:02]} 18.
Qxc4 {[%clk 00:06:37]} {[%emt 00:01:49]} dxc4 {[%clk 00:14:04]} {[%emt
00:00:07]} 19. Bxf5 {[%clk 00:06:46]} Qg5+ {[%clk 00:14:13]} 0-1

[Event "Kadettlandskamp NOR-SWE A 2018"]
[Site "NTG, Bærum, Norway"]
[Date "2018.12.15"]
[Round "4.3"]
[White "Söderström, Adrian"]
[Black "Lund, Gunnar"]
[Result "0-1"]
[WhiteFideId "1745786"]
[BlackFideId "1520814"]
[WhiteElo "1949"]
[BlackElo "2006"]

1. d4 {[%clk 00:15:16]} {[%emt 00:00:02]} Nf6 {[%clk 00:15:19]} {[%emt
00:00:02]} 2. c4 {[%clk 00:15:25]} {[%emt 00:00:02]} e6 {[%clk 00:15:28]}
{[%emt 00:00:01]} 3. Nf3 {[%clk 00:15:34]} {[%emt 00:00:01]} d5 {[%clk
00:15:37]} 4. Nc3 {[%clk 00:15:43]} {[%emt 00:00:02]} dxc4 {[%clk 00:15:46]}
{[%emt 00:00:01]} 5. e4 {[%clk 00:15:49]} {[%emt 00:00:03]} Bb4 {[%clk
00:15:55]} {[%emt 00:00:01]} 6. Bxc4 {[%clk 00:15:55]} {[%emt 00:00:03]} Nxe4
{[%clk 00:16:02]} {[%emt 00:00:04]} 7. O-O {[%clk 00:16:04]} {[%emt 00:00:02]}
Nxc3 {[%clk 00:15:55]} {[%emt 00:00:17]} 8. bxc3 {[%clk 00:16:12]} {[%emt
00:00:01]} Be7 {[%clk 00:16:04]} {[%emt 00:00:01]} 9. Qc2 {[%clk 00:16:02]}
{[%emt 00:00:20]} O-O {[%clk 00:16:02]} {[%emt 00:00:12]} 10. Rd1 {[%clk
00:16:10]} {[%emt 00:00:02]} Bf6 {[%clk 00:15:39]} {[%emt 00:00:34]} 11. Bf4
{[%clk 00:15:33]} {[%emt 00:00:46]} Qe7 {[%clk 00:15:36]} {[%emt 00:00:14]} 12.
Rd3 {[%clk 00:14:49]} {[%emt 00:00:54]} b6 {[%clk 00:15:21]} {[%emt 00:00:25]}
13. Re1 {[%clk 00:14:40]} {[%emt 00:00:18]} c6 {[%clk 00:14:59]} {[%emt
00:00:32]} 14. Ne5 {[%clk 00:13:25]} {[%emt 00:01:25]} Ba6 {[%clk 00:14:14]}
{[%emt 00:00:55]} 15. Bxa6 {[%clk 00:13:02]} {[%emt 00:00:32]} Bxe5 {[%clk
00:14:22]} {[%emt 00:00:01]} 16. Bxe5 {[%clk 00:12:50]} {[%emt 00:00:23]} Nxa6
{[%emt 00:00:02]} 17. Rh3 {[%clk 00:12:56]} {[%emt 00:00:02]} g6 {[%clk
00:14:35]} {[%emt 00:00:07]} 18. Qd3 {[%clk 00:12:19]} {[%emt 00:00:47]} f6
{[%clk 00:14:23]} {[%emt 00:00:23]} 19. Bf4 {[%clk 00:12:05]} {[%emt 00:00:23]}
Nc7 {[%clk 00:13:31]} {[%emt 00:01:02]} 20. Qg3 {[%clk 00:11:43]} {[%emt
00:00:31]} Ne8 {[%clk 00:12:10]} {[%emt 00:01:32]} 21. Qh4 {[%clk 00:06:14]}
{[%emt 00:05:39]} Rf7 {[%clk 00:12:02]} {[%emt 00:00:18]} 22. Rhe3 {[%clk
00:06:17]} {[%emt 00:00:07]} Ng7 {[%clk 00:12:05]} {[%emt 00:00:07]} 23. R3e2
{[%clk 00:06:02]} {[%emt 00:00:25]} g5 {[%clk 00:12:11]} {[%emt 00:00:04]} 24.
Qg4 {[%clk 00:06:04]} {[%emt 00:00:08]} gxf4 {[%clk 00:11:44]} {[%emt
00:00:37]} 25. Rxe6 {[%clk 00:06:12]} {[%emt 00:00:01]} Qd7 {[%clk 00:11:11]}
{[%emt 00:00:43]} 26. h3 {[%clk 00:05:57]} {[%emt 00:00:25]} Kh8 {[%clk
00:10:21]} {[%emt 00:01:01]} 27. R6e4 {[%clk 00:04:45]} {[%emt 00:01:22]} f5
{[%clk 00:10:10]} {[%emt 00:00:20]} 0-1